000 00870nam a2200217Ia 4500
001 14651
005 20260319173444.0
008 260306t2018||||xx |||||||||||||| ||spa||
041 _aESP
082 _a515.35
_bZ945 2018
100 _aZill, Dennis G.
_eAUT
245 0 _aEcuaciones diferenciales con problemas de valores en la frontera
260 _c2018
300 _avarias paginaciones :
_c27 cm.
650 _aGEN
654 _aCMA
856 _uhttps://itmsp.museknowledge.com/UCSP?url=https://www.ebooks7-24.com:443/?il=6382&pg=1
_zVersión digital
856 _uhttps://0u213t852-y-https-ebooks7--24-com.itmsp.museknowledge.com/biblioteca.aspx
_zVéase además: Base de datos Ebook7-24
856 _uhttps://0u20ft854-y-https-research-ebsco-com.itmsp.museknowledge.com/c/qxo6us/search
_zVéase además: Base de datos EBSCOhost
942 _cLIB
_dJUS
_fJUS
_2ddc
999 _c14651
_d14651